| 000 | 00427cam a2200169ua 4500 | ||
|---|---|---|---|
| 020 | _c3.00 | ||
| 041 |
_amal _h |
||
| 082 |
_a894.8121 _bGOV/NA |
||
| 100 | _aGovindankutty, Thamattatt . | ||
| 245 | 0 | 0 |
_aNadodi pattukal, Vol 1 / _cThamattatt Govindankutty. _hTextual Documents |
| 260 |
_aCalicut : _bP K Brothers , _c1960. |
||
| 300 | _a235 ; . | ||
| 365 | _a3.00 | ||
| 504 | _a | ||
| 942 | _cBK | ||
| 999 |
_c6170 _d6170 |
||